Datum a čas kvízu
12.5
Celkem bodů
Celkový počet nahraných bodů na tomto kvízu bez doplňovacích otázek.
10.
Pořadí na kvízu
Konečné umístění týmu na tomto kvízu.
Zaznamenané odpovědi
| # | Otázka | Odpověď | Body | Výsledky |
|---|---|---|---|---|
| 1. | Záplavu užaslých, pobouřených... | 0 | ||
| 2. | Donald Trump si na závěr svého... | 0 | ||
| 3. | V neděli vystoupila v pražském... | 0 | ||
| 4. | Minulý týden proběhla jedna z... | 0 | ||
| 5. | Trojnásobný mistr světa v cykl... | 1 | ||
| 6. | Pro pražské soutěžící bude tot... | 0 | ||
| 7. | Ve které stanici se kříží link... | 0 | ||
| 8. | Jak se za socialismu jmenovala... | 0 | ||
| 9. | V čem drží prvenství stanice N... | 0 | ||
| 10. | Celkem kolikrát projíždí trasa... | 0 |